Statistics for Top 10 players by position 2017-18

Click here to take the quiz!

General Stats

  • This quiz has been taken 19 times
  • The average score is 32 of 50

Answer Stats

HintAnswer% Correct
6Chris Paul
100%
7Dwyane Wade
93%
2Kevin Durant
93%
3Kyrie Irving
93%
1LeBron James
93%
1Russell Westbrook
93%
2Stephen Curry
93%
7Carmelo Anthony
86%
1James Harden
86%
3Kawhi Leonard
86%
4Klay Thompson
86%
1Anthony Davis
79%
3Blake Griffin
79%
5Damian Lillard
79%
1Demarcus Cousins
79%
2Draymond Green
79%
4Giannis Antetokounmpo
79%
7Isaiah Thomas
79%
3Jimmy Butler
79%
7Kevin Love
79%
5Marc Gasol
79%
9Brook Lopez
71%
3DeAndre Jordan
71%
6Gordon Hayward
71%
5Paul George
71%
2Demar Derozan
64%
8Jabari Parker
64%
5Kristaps Porzingis
64%
10Kyle Lowry
64%
9Mike Conley
64%
8Al Horford
57%
6Bradley Beal
57%
5C.J McCollum
57%
4John Wall
57%
8Kemba Walker
57%
6Lamarcus Aldridge
57%
4Paul Millsap
50%
4Rudy Gobert
50%
8Andrew Wiggins
43%
8Devin Booker
43%
6Hassan Whiteside
43%
2Karl-Anthony Towns
43%
7Andre Drummond
36%
9Avery Bradley
36%
10Ben Simmons
36%
9Serge Ibaka
36%
9Harrison Barnes
29%
10Steven Adams
29%
10Julius Randle
14%
10Victor Oladipo
7%

Score Distribution

Percentile by Number Answered

Percent of People with Each Score

Your Score History

You have not taken this quiz